000
00318nam a22001337a 4500
008
181011b xxu||||| |||| 00| 0 eng d
020
_a
9780495833901
041
_a
eng
080
_a
510
100
_a
36
101
_a
MAT
245
_a
Elementary Mathematics Is Anything but Elementary
_c
Bahr,D.L
942
_2
udc
_c
BK
999
_c
49388
_d
49388